Statystyki dla Województwa Polski #1

Kliknij tutaj aby rozwiązać quiz!

Ogólne statystyki

  • Ten quiz został rozwiązany 7 razy
  • Średni wynik to 31 z 45

Statystyki odpowiedzi

ZagadnienieKomórkaSelect% Poprawnych
w którym wskażnik lesistowści jest najwyższy.(jedna poprawna odpowiedż)Nie
86%
które graniczy z morzem Bałtyckim.(dwie poprawne odpowiedżi)Nie
86%
w którym występuje największy procent zatrudnienia w strukturze usług w Polsce.(trzy poprawne odpowiedżi)Nie
86%
które graniczy z morzem Bałtyckim.(dwie poprawne odpowiedżi)Nie
86%
w którym występuje największy procent zatrudnienia w strukturze usług w Polsce.(trzy poprawne odpowiedżi)Nie
86%
w którym występuje największy procent zatrudnienia w strukturze usług w Polsce.(trzy poprawne odpowiedżi)Nie
86%
w którym występuje największy procent zatrudnienia w strukturze usług w Polsce.(trzy poprawne odpowiedżi)Nie
86%
które graniczy z morzem Bałtyckim.(dwie poprawne odpowiedżi)Nie
86%
w którym występuje najwyższa stopa bezrobocia.(dwie poprawne odpowiedżi)Nie
86%
w którym występuje najwyższa stopa bezrobocia.(dwie poprawne odpowiedżi)Nie
86%
w którym wskażnik lesistowści jest najwyższy.(jedna poprawna odpowiedż)Nie
86%
w którym występuje najwyższa stopa bezrobocia.(dwie poprawne odpowiedżi)Nie
86%
w którym występuje najwyższa stopa bezrobocia.(dwie poprawne odpowiedżi)Nie
86%
w którym wskażnik lesistowści jest najwyższy.(jedna poprawna odpowiedż)Nie
86%
w którym wskażnik lesistowści jest najwyższy.(jedna poprawna odpowiedż)Nie
86%
w którym występuje najwyższa stopa bezrobocia.(dwie poprawne odpowiedżi)Nie
86%
w którym znajduje się najwięcej farm wiatrowych.(jedna poprawna odpowiedż)Nie
86%
w którym znajduje się najwięcej farm wiatrowych.(jedna poprawna odpowiedż)Nie
86%
w którym znajduje się najwięcej farm wiatrowych.(jedna poprawna odpowiedż)Nie
86%
w którym znajduje się najwięcej farm wiatrowych.(jedna poprawna odpowiedż)Nie
86%
w którym wskażnik lesistowści jest najwyższy.(jedna poprawna odpowiedż)Nie
86%
w którym wskażnik lesistowści jest najwyższy.(jedna poprawna odpowiedż)Nie
86%
w którym wskażnik lesistowści jest najwyższy.(jedna poprawna odpowiedż)Nie
71%
które graniczy z morzem Bałtyckim.(dwie poprawne odpowiedżi)Nie
71%
w którym wskażnik lesistowści jest najwyższy.(jedna poprawna odpowiedż)Nie
71%
które graniczy z morzem Bałtyckim.(dwie poprawne odpowiedżi)Nie
71%
które graniczy z morzem Bałtyckim.(dwie poprawne odpowiedżi)Nie
71%
w którym znajduje się najwięcej farm wiatrowych.(jedna poprawna odpowiedż)Nie
71%
w którym znajduje się najwięcej farm wiatrowych.(jedna poprawna odpowiedż)Nie
71%
w którym występuje największy procent zatrudnienia w strukturze usług w Polsce.(trzy poprawne odpowiedżi)Nie
71%
w którym występuje najwyższa stopa bezrobocia.(dwie poprawne odpowiedżi)Nie
57%
w którym występuje najwyższa stopa bezrobocia.(dwie poprawne odpowiedżi)Nie
57%
w którym wskażnik lesistowści jest najwyższy.(jedna poprawna odpowiedż)Tak
57%
w którym występuje największy procent zatrudnienia w strukturze usług w Polsce.(trzy poprawne odpowiedżi)Tak
57%
które graniczy z morzem Bałtyckim.(dwie poprawne odpowiedżi)Nie
57%
które graniczy z morzem Bałtyckim.(dwie poprawne odpowiedżi)Tak
57%
w którym znajduje się najwięcej farm wiatrowych.(jedna poprawna odpowiedż)Nie
57%
w którym występuje najwyższa stopa bezrobocia.(dwie poprawne odpowiedżi)Tak
43%
w którym występuje największy procent zatrudnienia w strukturze usług w Polsce.(trzy poprawne odpowiedżi)Nie
43%
w którym występuje najwyższa stopa bezrobocia.(dwie poprawne odpowiedżi)Tak
43%
które graniczy z morzem Bałtyckim.(dwie poprawne odpowiedżi)Tak
43%
w którym występuje największy procent zatrudnienia w strukturze usług w Polsce.(trzy poprawne odpowiedżi)Tak
43%
w którym znajduje się najwięcej farm wiatrowych.(jedna poprawna odpowiedż)Nie
29%
w którym występuje największy procent zatrudnienia w strukturze usług w Polsce.(trzy poprawne odpowiedżi)Tak
14%
w którym znajduje się najwięcej farm wiatrowych.(jedna poprawna odpowiedż)Tak
14%

Rozkład punktacji

Percentyl według liczby udzielonych odpowiedzi

Procent ludzi z każdym wynikiem

Twoja historia wyników

Nie rozwiązałeś tego quizu